00731nam a22002057a 45000010006000000050017000060070003000230080041000260170049000670400024001162450097001402600068002373000017003055180026003226100068003487000037004167100051004538520011005048520010005158582220260420151957.0ta260420s2026 sp ||||| |||| 00| 0 spa d aM-9616-2026bDepósito Legal Oficial Madrid aM-RABAbspacM-RABA00aSesión extraordinaria, pública y solemne, en memoria del Excmo. Sr. D. Joaquín Soriano aMadridb: Real Academia de Bellas Artes de San Fernandoc, 2026 a14 p.b21 cm a13 de octubre de 2025 0aReal Academia de Bellas Artes de San Fernando.-vNecrológicas1 aSoriano, Joaquín (d1941-2025)2 aReal Academia de Bellas Artes de San Fernando. jNE-25  jNE-26